LEADER 01149nam1-2200385---450- 001 990002735800203316 005 20060413124253.0 035 $a000273580 035 $aUSA01000273580 035 $a(ALEPH)000273580USA01 035 $a000273580 100 $a20060413d--------km-y0itay0103----ba 101 $aita 102 $aIT 105 $aa|||||||001yy 200 1 $a<> natura e la scienza$fGiulio Mezzetti 210 $aFirenze$cLa Nuova Italia 215 $a3v.$cill.$d30 cm 410 0$12001 454 1$12001 461 1$1001-------$12001 463 \1$1001990002735810203316$12001 $a<> : <>ambiente 463 \1$1001990002735820203316$12001 $a<> : <>evoluzione 463 \1$1001990002735840203316$12001 $a<> : <>uomo 606 0 $aScienze naturali$xInsegnamento$xScuole medie superiori 676 $a507.12 700 1$aMEZZETTI,$bGiulio$0593092 801 0$aIT$bsalbc$gISBD 912 $a990002735800203316 951 $aP13 437$bDISTRA 959 $aBK 969 $aDISTRA 979 $aDISTRA2$b10$c20060413$lUSA01$h1242 996 $aNatura e la scienza$9998646 997 $aUNISA LEADER 00816nam0-2200313---450- 001 990009311800403321 005 20110718162630.0 010 $a88-85323-42-1 035 $a000931180 035 $aFED01000931180 035 $a(Aleph)000931180FED01 035 $a000931180 100 $a20110126d2005----km-y0itay50------ba 101 0 $aita 102 $aIT 105 $a--------001by 200 1 $aMedea$fLudovico Dolce 210 $aTorino$cEdizioni Res$d2005 215 $a130 p.$d20 cm 225 1 $aEcho$ecollezione di traduttori$v5 676 $a852.4 700 1$aDolce,$bLodovico$f<1508-1568>$082412 801 0$aIT$bUNINA$gRICA$2UNIMARC 901 $aBK 912 $a990009311800403321 952 $a858.4 DOLCE 1$bDip.f.m.13703$fFLFBC 959 $aFLFBC 996 $aMedea$9771780 997 $aUNINA